MPOB industry traning programmes.
| Corporate Author: | |
|---|---|
| Format: | Book |
| Published: |
Kajang:
Malaysia palm oil Board (MPOB),
2010.
|
| Subjects: |
| LEADER | 00455cam a2200145 7i4500 | ||
|---|---|---|---|
| 001 | 0000025776 | ||
| 005 | 20110126090000.0 | ||
| 090 | 0 | 0 | |a M 665.3 |b MAL |
| 110 | 2 | 0 | |a Malaysian-Palm Oil Board(MPOB) |
| 245 | 2 | 0 | |a MPOB industry traning programmes. |
| 260 | 0 | 0 | |a Kajang: |b Malaysia palm oil Board (MPOB), |c 2010. |
| 300 | # | # | |a 107p. |
| 650 | 0 | 0 | |a Palm oil -- |x Traning programmes -- |z Malaysia |
| 651 | 0 | 0 | |a Malaysia |
| 999 | |a 0000027168 |b Book |c Malaysia |e Business Information Centre | ||